|
|
|
|
| LEADER |
00000naa2a2200000 4500 |
| 001 |
611091 |
| 005 |
20231218171956.0 |
| 035 |
|
|
|a (RuTPU)RU\TPU\conf\8733
|
| 090 |
|
|
|a 611091
|
| 100 |
|
|
|a 20150213d2012 k y0rusy50 ca
|
| 101 |
0 |
|
|a rus
|
| 102 |
|
|
|a RU
|
| 105 |
|
|
|a y z 101zy
|
| 135 |
|
|
|a drgn ---uucaa
|
| 181 |
|
0 |
|a i
|
| 182 |
|
0 |
|a b
|
| 200 |
1 |
|
|a Читательская конференция как форма коммуникативного контролирующего мероприятия в рамках конференц-недели
|f О. А. Казакова
|
| 203 |
|
|
|a Текст
|c электронный
|
| 300 |
|
|
|a Заглавие с экрана
|
| 337 |
|
|
|a Adobe Reader
|
| 463 |
|
1 |
|0 (RuTPU)RU\TPU\book\269489
|t Лингвогуманитарное образование в пространстве технического вуза
|o сборник трудов Международной заочной научно-методической интернет-конференции, г. Томск, 11-12 декабря 2012 г.
|f Национальный исследовательский Томский политехнический университет (ТПУ) ; под ред. Ю. Ю. Ковалевой
|v [С. 14-19]
|d 2012
|
| 610 |
1 |
|
|a электронный ресурс
|
| 610 |
1 |
|
|a труды учёных ТПУ
|
| 610 |
1 |
|
|a коммуникативные мероприятия
|
| 610 |
1 |
|
|a конференц-недели
|
| 610 |
1 |
|
|a читательские конференции
|
| 610 |
1 |
|
|a студенты
|
| 610 |
1 |
|
|a компетенции
|
| 610 |
1 |
|
|a формы
|
| 610 |
1 |
|
|a обучение
|
| 700 |
|
1 |
|a Казакова
|b О. А.
|c филолог
|c доцент Томского политехнического университета, кандидат филологических наук
|f 1974-
|g Ольга Анатольевна
|3 (RuTPU)RU\TPU\pers\24564
|9 10864
|
| 712 |
0 |
2 |
|a Национальный исследовательский Томский политехнический университет (ТПУ)
|b Институт международного образования и языковой коммуникации (ИМОЯК)
|b Кафедра русского языка и литературы (РЯЛ)
|3 (RuTPU)RU\TPU\col\18974
|
| 801 |
|
2 |
|a RU
|b 63413507
|c 20150213
|g RCR
|
| 856 |
4 |
|
|u http://www.lib.tpu.ru/fulltext/c/2012/C91/004.pdf
|
| 942 |
|
|
|c BK
|